[Event "Sarajevo-ch 2019"]
[Site "Sarajevo"]
[Date "2019.03.16"]
[Round "6.2"]
[White "Kozarcanin, Sead"]
[Black "Dizdarevic, Emir"]
[Result "0-1"]
[WhiteElo "2005"]
[BlackElo "2430"]
[Annotator "TA"]
[PlyCount "76"]
[EventDate "2019.03.12"]
[EventType "tourn"]
[EventCountry "BIH"]
[SourceTitle "playchess.com"]
[Source "ChessBase"]
[SourceQuality "1"]

{[%evp 15,76,-25,-3,-15,-14,-14,-18,-37,-29,-34,-18,-16,0,-29,0,-31,-26,-54,-70,-110,-87,-94,-91,-110,-80,-91,-115,-164,-139,-201,-168,-183,-182,-285,-256,-318,-314,-472,-422,-408,-429,-500,-493,-476,-413,-407,-352,-484,-487,-479,-485,-456,-464,-479,-475,-459,-336,-326,-242,-231,-236,-542,-538]} 1. b3 g6 2. Bb2 Nf6 3. e4 d6 4. g3 Bg7 5. Bg2 c5 6. Ne2 {A01: Nimzowitsch-Larsen Opening} e5 7. O-O Nc6 8. Na3 O-O {LiveBook: 4 Games} 9. d3 $146 ({Predecessor:} 9. Nc4 Nxe4 10. Bxe4 d5 11. Bg2 dxc4 12. bxc4 Be6 13. d3 Qd7 14. Rb1 Bh3 15. Bxh3 Qxh3 {½-½ (50) Rombaldoni,D (2480)-Bellia,F (2415) Boscotrecase 2014}) 9... d5 10. exd5 Nxd5 11. Nc4 Be6 12. a4 Qc7 13. Qd2 Rad8 14. Rae1 Rfe8 15. Nc3 Ndb4 16. Ne4 b6 17. f4 f5 18. Ng5 {[%cal Rc4e5]} Bxc4 $1 19. bxc4 e4 20. Bxg7 Qxg7 21. Qf2 {[%cal Rd3e4]} h6 $36 {[%mdl 2048] Black is on the roll.} 22. Nh3 (22. Nxe4 $17 {is a better defense.} fxe4 23. Bxe4) 22... exd3 23. Rxe8+ Rxe8 24. cxd3 (24. Bxc6 $142 Nxc6 25. cxd3) 24... Nxd3 25. Bd5+ Kf8 26. Qf3 (26. Qd2 $142 Ncb4 27. Nf2) 26... Ncb4 27. Kh1 Qd4 28. Bb7 Qxc4 29. g4 Qe6 30. gxf5 Qxf5 31. Ng1 c4 32. Ne2 Nc5 33. Ng3 Qd3 34. f5 Qxf3+ 35. Bxf3 gxf5 36. Rc1 Re3 37. Rxc4 Nbd3 38. Bc6 $2 {[#]} (38. Be2 {is a better chance.}) 38... Ne5 {[%mdl 64] Double Attack. Accuracy: White = 39%, Black = 61%.} 0-1

[Event "Sarajevo-ch 2019"]
[Site "Sarajevo"]
[Date "2019.03.16"]
[Round "6.3"]
[White "Sutkovic, Damir"]
[Black "Burovic, Rijad"]
[Result "0-1"]
[WhiteElo "2346"]
[BlackElo "2340"]
[Annotator "NA"]
[PlyCount "155"]
[EventDate "2019.03.12"]
[EventType "tourn"]
[EventCountry "BIH"]
[SourceTitle "playchess.com"]
[Source "ChessBase"]
[SourceQuality "1"]
[TimeControl "5400+30"]

1. b3 {[%emt 0:00:00]} e5 {[%emt 0:04:00]} 2. Bb2 {[%emt 0:00:00]} d6 {[%emt 0:01:10]} 3. e3 {[%emt 0:00:02]} Nf6 {[%emt 0:02:42]} 4. d4 {[%emt 0:01:28]} exd4 {[%emt 0:00:49]} 5. Qxd4 {[%emt 0:00:17]} d5 {[%emt 0:00:28]} 6. Nf3 {[%emt 0:00:52]} Be7 {[%emt 0:04:36]} 7. Be2 {[%emt 0:01:02]} c5 {[%emt 0:01:55]} 8. Qd1 {[%emt 0:00:40]} O-O {[%emt 0:00:24]} 9. O-O {[%emt 0:00:48]} Be6 {[%emt 0:05:47]} 10. Nbd2 {[%emt 0:05:15]} Nc6 {[%emt 0:00:46]} 11. Ne5 {[%emt 0:03:12]} Nxe5 {[%emt 0:02:44]} 12. Bxe5 {[%emt 0:00:06]} Qd7 {[%emt 0:05:59]} 13. c4 {[%emt 0:06:54]} Rfd8 {[%emt 0:02:28]} 14. Nf3 {[%emt 0:04:50]} dxc4 {[%emt 0:09:17]} 15. Bxc4 {[%emt 0:00:53]} Bxc4 {[%emt 0:05:51]} 16. bxc4 {[%emt 0:00:06]} Qe6 {[%emt 0:00:38]} 17. Qb3 {[%emt 0:04:55]} Rd7 {[%emt 0:11:01]} 18. Rad1 {[%emt 0:14:40]} Rad8 {[%emt 0:01:32]} 19. Rxd7 {[%emt 0:02:02]} Rxd7 {[%emt 0:03:56]} 20. Bxf6 {[%emt 0:12:45]} Bxf6 {[%emt 0:01:00]} 21. h3 {[%emt 0:00:22]} h5 {[%emt 0:01:29]} 22. Qc2 {[%emt 0:01:08]} g6 {[%emt 0:02:21]} 23. Rb1 {[%emt 0:01:45]} Qd6 {[%emt 0:02:53]} 24. Qe4 {[%emt 0:01:22]} b6 {[%emt 0:02:24]} 25. Rc1 {[%emt 0:05:15]} Qd3 {[%emt 0:03:56]} 26. Qxd3 {[%emt 0:02:48]} Rxd3 {[%emt 0:00:09]} 27. Kf1 {[%emt 0:01:19]} Kf8 {[%emt 0:00:59]} 28. Ke2 {[%emt 0:00:32]} Ra3 {[%emt 0:00:15]} 29. Rc2 {[%emt 0:00:07]} Ke7 {[%emt 0:00:40]} 30. Nd2 {[%emt 0:01:28]} Kd7 {[%emt 0:02:09]} 31. Nb1 {[%emt 0:04:58]} Ra4 {[%emt 0:00:46]} 32. Nd2 {[%emt 0:03:18]} Kc6 {[%emt 0:00:55]} 33. Ne4 {[%emt 0:01:55]} Be7 {[%emt 0:00:59]} 34. Kd3 {[%emt 0:02:12]} Ra3+ {[%emt 0:03:05]} 35. Ke2 {[%emt 0:00:19]} a6 {[%emt 0:02:07]} 36. Nd2 {[%emt 0:07:55]} (36. g4 $11 {keeps the balance.}) 36... b5 {[%emt 0:00:54]} 37. Nb1 {[%emt 0:00:44]} Ra4 {[%emt 0:00:16]} 38. Nd2 {[%emt 0:00:23]} Bd8 {[%emt 0:04:03]} 39. Kd3 {[%emt 0:02:37]} Ba5 {[%emt 0:04:01]} 40. Nb3 {[%emt 0:01:40]} Bb4 {[%emt 0:00:52]} 41. Nc1 {[%emt 0:01:56]} f5 {[%emt 0:03:27]} ({Better is} 41... Ra3+ $17 42. Ke4 Be1 43. cxb5+ axb5) 42. Nb3 {[%emt 0:04:51]} Kb6 {[%emt 0:00:55]} 43. Nc1 {[%emt 0:00:42]} Ra3+ {[%emt 0:00:25]} 44. Ke2 {[%emt 0:00:32]} bxc4 {[%emt 0:01:06]} 45. Rxc4 {[%emt 0:00:07]} Kb5 {[%emt 0:00:10]} 46. Rc2 {[%emt 0:00:40]} c4 {[%emt 0:00:19]} 47. h4 {[%emt 0:00:56]} a5 {[%emt 0:02:46]} 48. g3 {[%emt 0:00:17]} Bc3 {[%emt 0:01:34]} 49. Kd1 {[%emt 0:00:58]} Kc5 {[%emt 0:00:38]} 50. Ne2 {[%emt 0:00:31]} Be5 {[%emt 0:00:13]} 51. Rd2 {[%emt 0:00:33]} Ra4 {[%emt 0:01:03]} 52. Nc1 {[%emt 0:00:20]} Rb4 {[%emt 0:00:16]} 53. Rc2 {[%emt 0:00:33]} Rb1 {[%emt 0:00:41]} 54. Kd2 {[%emt 0:00:29]} Kb5 {[%emt 0:00:35]} 55. Ne2 {[%emt 0:00:32]} Rf1 {[%emt 0:00:27]} 56. Nc3+ {[%emt 0:00:21]} Kb4 {[%emt 0:00:32]} 57. Nd1 {[%emt 0:00:11]} Rh1 {[%emt 0:00:27]} 58. Ke2 {[%emt 0:01:01]} c3 {[%emt 0:00:31]} 59. Rc1 {[%emt 0:00:14]} Ka3 {[%emt 0:00:32]} 60. Rc2 {[%emt 0:00:44]} a4 {[%emt 0:00:24]} 61. Rc1 $1 {[%emt 0:00:35]} Kxa2 {[%emt 0:00:35]} 62. Nxc3+ {[%emt 0:00:05]} Bxc3 {[%emt 0:00:00]} 63. Rxh1 {[%emt 0:00:06]} Kb3 {[%emt 0:01:00]} 64. Kd3 {[%emt 0:00:14]} a3 {[%emt 0:00:30]} 65. e4 {[%emt 0:00:41]} a2 {[%emt 0:00:27]} 66. exf5 {[%emt 0:00:47]} gxf5 {[%emt 0:00:07]} 67. Rc1 {[%emt 0:00:44]} Bb2 {[%emt 0:00:36]} 68. Rd1 {[%emt 0:00:47]} a1=Q {[%emt 0:00:10]} 69. Rxa1 {[%emt 0:00:02]} Bxa1 {[%emt 0:00:06]} 70. f3 {[%emt 0:00:29]} Be5 {[%emt 0:01:29]} 71. g4 {[%emt 0:00:06]} fxg4 {[%emt 0:00:39]} 72. fxg4 {[%emt 0:00:05]} hxg4 {[%emt 0:00:04]} 73. h5 {[%emt 0:00:17]} Bf4 {[%emt 0:00:28]} 74. Ke2 {[%emt 0:00:25]} Kc4 {[%emt 0:00:07]} 75. Kf2 {[%emt 0:00:04]} Kd5 {[%emt 0:00:13]} 76. h6 {[%emt 0:00:04]} Ke4 {[%emt 0:00:04]} 77. h7 {[%emt 0:00:27]} Be5 {[%emt 0:00:05]} 78. Ke2 0-1

[Event "Sarajevo-ch 2019"]
[Site "Sarajevo"]
[Date "2019.03.16"]
[Round "6.4"]
[White "Mrndjic, Muamer"]
[Black "Terzic, Ilijas"]
[Result "1-0"]
[WhiteElo "2246"]
[BlackElo "2137"]
[Annotator "NA"]
[PlyCount "131"]
[EventDate "2019.03.12"]
[EventType "tourn"]
[EventCountry "BIH"]
[SourceTitle "playchess.com"]
[Source "ChessBase"]
[SourceQuality "1"]
[TimeControl "5400+30"]

1. d4 {[%emt 0:00:00] ChessBase} Nf6 {[%emt 0:04:17]} 2. c4 {[%emt 0:00:00]} e6 {[%emt 0:00:06]} 3. Nf3 {[%emt 0:00:00]} Bb4+ {[%emt 0:00:32]} 4. Bd2 {[%emt 0:00:00]} Qe7 {[%emt 0:00:12]} 5. g3 {[%emt 0:00:05]} Nc6 {[%emt 0:00:15]} 6. Bg2 {[%emt 0:00:30]} Bxd2+ {[%emt 0:00:14]} 7. Qxd2 {[%emt 0:00:10]} Ne4 {[%emt 0:00:20]} 8. Qc2 {[%emt 0:12:58]} Qb4+ {[%emt 0:00:55]} 9. Nc3 {[%emt 0:01:02]} Nxc3 {[%emt 0:00:14]} 10. Qxc3 {[%emt 0:00:07]} Qxc3+ {[%emt 0:00:08]} 11. bxc3 {[%emt 0:00:02]} d6 {[%emt 0:01:59]} 12. Nd2 {[%emt 0:03:05] E11: Bogo-Indian} Na5 {[%emt 0:00:20]} 13. Rb1 {[%emt 0:01:23]} Rb8 {[%emt 0:00:15]} 14. Be4 {[%emt 0:02:38]} b6 {[%emt 0:00:43]} 15. Bd3 {[%emt 0:03:44]} Bb7 {[%emt 0:02:31]} 16. O-O {[%emt 0:00:22]} c5 {[%emt 0:02:06]} 17. f4 {[%emt 0:02:51] [#]} Ke7 $146 {[%emt 0:01:29]} ({Predecessor:} 17... Ba6 18. Nb3 Nc6 19. a4 Ke7 {0-1 (67) Correa,A (2345)-Milos,G (2560) Sao Paulo 1995 CBM 047 Extra [ChessBase]}) 18. Nb3 {[%emt 0:07:46]} Nc6 {[%emt 0:00:39]} 19. d5 {[%emt 0:00:28]} Nd8 {[%emt 0:02:54]} 20. e4 {[%emt 0:04:41]} f6 {[%emt 0:01:06]} 21. Nd2 {[%emt 0:02:57]} e5 {[%emt 0:00:48]} 22. a4 {[%emt 0:02:20]} Kd7 {[%emt 0:00:19]} 23. a5 {[%emt 0:00:27]} Kc7 {[%emt 0:00:06]} 24. axb6+ {[%emt 0:01:46]} axb6 {[%emt 0:00:08]} 25. Nf3 {[%emt 0:00:04]} Nf7 {[%emt 0:00:14]} 26. Rf2 {[%emt 0:05:09]} Bc8 {[%emt 0:00:15]} 27. Ra2 {[%emt 0:00:06]} Bd7 {[%emt 0:00:13]} 28. Rba1 {[%emt 0:00:42]} Rhe8 {[%emt 0:02:53]} 29. f5 {[%emt 0:02:48]} Bc8 {[%emt 0:00:29]} 30. Bc2 {[%emt 0:00:40]} Bb7 {[%emt 0:00:19]} 31. Ba4 {[%emt 0:05:58]} Red8 {[%emt 0:00:11]} 32. Bb5 {[%emt 0:02:03]} Ra8 {[%emt 0:00:31]} 33. Rxa8 {[%emt 0:05:47]} Rxa8 {[%emt 0:00:15]} 34. Rxa8 {[%emt 0:00:05]} Bxa8 {[%emt 0:00:06]} 35. Kf2 {[%emt 0:01:52]} Bb7 {[%emt 0:00:19]} 36. h4 {[%emt 0:00:50]} Bc8 {[%emt 0:00:16]} 37. g4 {[%emt 0:00:16]} Kd8 {[%emt 0:01:20]} 38. Kg3 {[%emt 0:01:17]} Ke7 {[%emt 0:00:26]} 39. Ne1 {[%emt 0:02:35]} h6 {[%emt 0:01:36]} 40. Nf3 {[%emt 0:01:29]} Bd7 {[%emt 0:00:41]} 41. Nd2 {[%emt 0:05:31]} Nd8 {[%emt 0:01:26]} 42. Kf3 {[%emt 0:07:10]} Nb7 {[%emt 0:04:56]} 43. Bxd7 {[%emt 0:05:11]} Kxd7 {[%emt 0:01:33]} 44. Ke3 {[%emt 0:00:28]} Na5 {[%emt 0:03:27]} 45. Kd3 {[%emt 0:00:08]} Kc7 {[%emt 0:01:02]} 46. Nf3 {[%emt 0:01:30]} Kd7 {[%emt 0:01:32]} 47. Nd2 {[%emt 0:04:03]} Kc7 {[%emt 0:01:39]} 48. Nf1 {[%emt 0:01:02]} Kd7 {[%emt 0:00:12]} 49. Ne3 {[%emt 0:02:49]} Kc7 {[%emt 0:00:44]} 50. Nf1 {[%emt 0:01:18]} Kd7 {[%emt 0:00:03]} 51. Nd2 {[%emt 0:00:05]} Kc7 {[%emt 0:00:24]} 52. Nf3 {[%emt 0:01:25]} b5 {[%emt 0:00:53]} 53. cxb5 {[%emt 0:00:21]} c4+ {[%emt 0:00:05]} 54. Kc2 {[%emt 0:00:05]} Kb6 {[%emt 0:00:04]} 55. g5 {[%emt 0:00:15]} hxg5 {[%emt 0:00:36]} 56. hxg5 {[%emt 0:00:01]} Nb7 {[%emt 0:00:06]} 57. Kd2 {[%emt 0:00:29]} Nc5 $11 {[%emt 0:00:10]} 58. Ke3 {[%emt 0:00:10]} Kxb5 {[%emt 0:00:43]} 59. g6 {[%emt 0:02:24]} Ka4 {[%emt 0:02:26]} 60. Nd2 {[%emt 0:00:56]} Kb5 {[%emt 0:00:12]} 61. Nf1 {[%emt 0:00:59]} Ka4 {[%emt 0:00:18]} 62. Ng3 {[%emt 0:00:34]} Kb3 {[%emt 0:00:40]} 63. Nh5 {[%emt 0:00:08]} Kxc3 {[%emt 0:00:15]} 64. Nxg7 {[%emt 0:00:16]} Kb2 {[%emt 0:00:16]} 65. Nh5 {[%emt 0:00:16]} c3 {[%emt 0:00:22]} 66. Ng3 {[%emt 0:00:09]} 1-0

[Event "Sarajevo-ch 2019"]
[Site "Sarajevo"]
[Date "2019.03.16"]
[Round "6.5"]
[White "Hadzovic, Amir"]
[Black "Sitnic, Ahmed"]
[Result "1-0"]
[WhiteElo "2255"]
[BlackElo "1841"]
[Annotator "NA"]
[PlyCount "47"]
[EventDate "2019.03.12"]
[EventType "tourn"]
[EventCountry "BIH"]
[SourceTitle "playchess.com"]
[Source "ChessBase"]
[SourceQuality "1"]
[TimeControl "5400+30"]

1. e4 {[%emt 0:00:00]} d5 {[%emt 0:06:36]} 2. exd5 {[%emt 0:01:04]} Qxd5 {[%emt 0:00:08]} 3. Qf3 {[%emt 0:01:11]} Qxf3 {[%emt 0:01:03]} 4. Nxf3 {[%emt 0:00:05]} Nf6 {[%emt 0:00:15]} 5. g3 {[%emt 0:00:18]} c6 {[%emt 0:00:44]} 6. Bg2 {[%emt 0:00:07]} Bf5 {[%emt 0:00:28]} 7. d3 {[%emt 0:00:07]} Nbd7 {[%emt 0:01:42]} 8. O-O {[%emt 0:00:33]} e6 {[%emt 0:01:16]} 9. Bd2 {[%emt 0:00:31]} Bd6 {[%emt 0:01:26]} 10. Nc3 {[%emt 0:00:55]} O-O {[%emt 0:00:32]} 11. a3 {[%emt 0:00:21]} Nd5 {[%emt 0:05:33]} 12. Rfe1 {[%emt 0:03:33]} h6 {[%emt 0:01:54]} 13. Ne4 {[%emt 0:02:18]} Bc7 {[%emt 0:01:20]} 14. c4 {[%emt 0:03:21]} N5f6 {[%emt 0:03:39]} 15. Bc3 {[%emt 0:01:47]} Rad8 {[%emt 0:14:15]} 16. Bb4 {[%emt 0:10:39]} Rfe8 {[%emt 0:04:17]} 17. Bd6 {[%emt 0:03:36]} Bxe4 {[%emt 0:07:10]} 18. Bxc7 {[%emt 0:00:16]} Rc8 {[%emt 0:00:25]} 19. dxe4 {[%emt 0:00:24]} Rxc7 {[%emt 0:00:08]} 20. e5 {[%emt 0:00:37]} Nh7 {[%emt 0:00:31]} 21. Rad1 {[%emt 0:02:07]} Nhf8 {[%emt 0:03:34]} 22. Nd2 {[%emt 0:02:51]} g5 {[%emt 0:06:36]} 23. Ne4 {[%emt 0:01:52]} Ng6 $2 {[%emt 0:00:43] [#]} (23... b5 $14) 24. Rxd7 $18 {[%emt 0:00:32] Remove Defender, Decoy} 1-0

[Event "Sarajevo-ch 2019"]
[Site "Sarajevo"]
[Date "2019.03.18"]
[Round "7.1"]
[White "Sitnic, Ahmed"]
[Black "Kurtcehajic, Suad"]
[Result "1/2-1/2"]
[WhiteElo "1841"]
[BlackElo "1982"]
[Annotator "NA RC"]
[PlyCount "100"]
[EventDate "2019.03.12"]
[EventType "tourn"]
[EventCountry "BIH"]
[SourceTitle "playchess.com"]
[Source "ChessBase"]
[SourceQuality "1"]
[TimeControl "5400+30"]

{[%evp 8,82,14,7,9,0,16,10,10,-4,0,-12,8,-28,-2,-12,-15,-17,0,0,0,-3,8,6,14,10,28,21,35,8,36,30,33,22,35,33,42,37,37,38,32767,32767,32767,32767,32767,0,21,0,21,32767,32767,32767,32767,32767,32767,32767,32767,32767,32767,30,28,16,28,0,15,32767,-10,32767,32767,32767,32767,32767,32767,32767,-8,-14,-1]} 1. d4 {[%emt 0:00:50]} d5 {[%emt 0:14:52]} 2. Nf3 {[%emt 0:00:11]} Nf6 {[%emt 0:00:03]} 3. Bf4 {[%emt 0:00:09]} Bf5 {[%emt 0:02:14]} 4. e3 {[%emt 0:01:08]} e6 {[%emt 0:00:04]} 5. Bd3 {[%emt 0:01:55]} Bxd3 {[%emt 0:00:03]} 6. Qxd3 {[%emt 0:00:31]} c6 {[%emt 0:02:53]} 7. h3 {[%emt 0:01:03]} Bd6 {[%emt 0:02:02] D02: 1 d4 d5 2 Nf3 sidelines, including 2...Nf6 3 g3 and 2...Nf6 3 Bf4} (7... Be7 8. O-O Nbd7 9. Nbd2 O-O 10. c4 c5 11. Bh2 Rc8 12. b3 Qa5 13. Rfd1 Rfd8 14. Qe2 Qa6 15. dxc5 Nxc5 16. Nd4 Nce4 17. Nxe4 Nxe4 18. Qf3 {1-0 (43) Vidovic,S (2256)-Zadravec,M (2194) Nedelisce 2018}) 8. Ne5 {[%emt 0:00:23]} Qc7 {[%emt 0:01:02]} 9. Nd2 {[%emt 0:00:42]} Nfd7 {[%emt 0:01:05]} 10. Qb3 $146 {[%emt 0:08:36]} ({Predecessor:} 10. Ndf3 f6 11. Nxd7 Nxd7 12. Bxd6 Qxd6 13. O-O O-O 14. e4 Rfe8 15. Rfe1 dxe4 16. Rxe4 {0-1 (73) Hu,S (1918)-Xu,Y (1717) Hong Kong 2015}) 10... O-O {[%emt 0:11:12]} 11. Ndf3 {[%emt 0:00:39]} Nxe5 {[%emt 0:01:32]} 12. Bxe5 {[%emt 0:02:53]} Nd7 {[%emt 0:01:37]} 13. Bxd6 {[%emt 0:01:44]} Qxd6 {[%emt 0:00:10]} 14. O-O {[%emt 0:00:24]} Rab8 {[%emt 0:13:01]} 15. c4 {[%emt 0:01:27]} dxc4 {[%emt 0:04:41]} 16. Qxc4 {[%emt 0:00:42]} Qd5 {[%emt 0:00:52]} 17. Qa4 {[%emt 0:05:15]} a6 {[%emt 0:02:04]} 18. Rac1 {[%emt 0:02:50]} Rfc8 {[%emt 0:04:57]} 19. Rfd1 {[%emt 0:03:07]} h6 {[%emt 0:04:00]} 20. Qa3 {[%emt 0:01:37]} Re8 {[%emt 0:00:42]} 21. b3 {[%emt 0:05:01]} g5 {[%emt 0:04:45]} 22. Qb2 {[%emt 0:03:32]} Qf5 {[%emt 0:01:49]} 23. Kh2 {[%emt 0:05:31]} Kh7 {[%emt 0:05:20]} 24. Qc2 {[%emt 0:01:48]} Qxc2 {[%emt 0:00:57]} 25. Rxc2 {[%emt 0:00:15]} Rbd8 {[%emt 0:01:29]} 26. Kg3 {[%emt 0:01:39]} Kg7 {[%emt 0:00:30]} 27. Nd2 {[%emt 0:00:30]} Nb6 {[%emt 0:00:30]} 28. Nc4 {[%emt 0:00:30]} Nxc4 {[%emt 0:00:30]} 29. bxc4 {[%emt 0:00:30]} b6 {[%emt 0:00:30]} 30. Rb1 {[%emt 0:00:30]} Rb8 {[%emt 0:00:30]} 31. Rcb2 {[%emt 0:00:30]} b5 {[%emt 0:00:30]} 32. a4 {[%emt 0:00:30]} Rb6 {[%emt 0:00:30]} 33. cxb5 {[%emt 0:00:30]} cxb5 {[%emt 0:00:30]} 34. Kf3 {[%emt 0:00:30]} Kf6 {[%emt 0:00:30]} 35. Rc1 {[%emt 0:00:30]} Reb8 {[%emt 0:00:30]} 36. Rcb1 {[%emt 0:00:30]} b4 {[%emt 0:13:24]} 37. a5 {[%emt 0:14:35]} Rb5 {[%emt 0:00:08]} 38. Ke4 {[%emt 0:01:37]} Rxa5 {[%emt 0:00:18]} 39. Rxb4 {[%emt 0:00:07]} Rxb4 {[%emt 0:00:03]} 40. Rxb4 {[%emt 0:00:09]} Ra2 $11 {[%emt 0:00:07]} 41. Kf3 {[%emt 0:00:08]} a5 {[%emt 0:00:12]} 42. Rb7 {[%emt 0:00:30]} a4 {[%emt 0:00:13]} 43. Ra7 {[%emt 0:00:09]} h5 {[%emt 0:00:52]} 44. Ra8 {[%emt 0:01:13]} a3 {[%emt 0:00:28]} 45. Ra7 {[%emt 0:00:11]} Ra1 {[%emt 0:00:13]} 46. Ra8 {[%emt 0:00:28]} Ke7 {[%emt 0:02:29]} 47. Ra7+ {[%emt 0:00:34]} Ke8 {[%emt 0:00:03]} 48. Ke4 {[%emt 0:01:27]} Kf8 {[%emt 0:02:30]} 49. Ra5 {[%emt 0:01:21]} a2 {[%emt 0:00:19]} 50. Ra7 {[%emt 0:00:05]} Kg7 1/2-1/2

[Event "Sarajevo-ch 2019"]
[Site "Sarajevo"]
[Date "2019.03.18"]
[Round "7.2"]
[White "Terzic, Ilijas"]
[Black "Hadzovic, Amir"]
[Result "1/2-1/2"]
[WhiteElo "2137"]
[BlackElo "2255"]
[Annotator "TA"]
[PlyCount "82"]
[EventDate "2019.03.12"]
[EventType "tourn"]
[EventCountry "BIH"]
[SourceTitle "playchess.com"]
[Source "ChessBase"]
[SourceQuality "1"]

{[%evp 9,82,0,17,4,37,27,22,23,20,22,21,18,14,15,32,16,29,20,76,65,77,71,73,68,86,84,85,85,83,74,70,-29,-25,-21,0,-14,0,0,0,0,0,-20,-7,-20,-20,-35,-13,-33,0,-3,0,0,35,34,33,0,0,0,0,0,17,-64,-57,-57,-15,-42,-42,-49,-11,-50,-2,-2,-2,-4,-2]} 1. d4 Nf6 2. Nf3 e6 3. e3 b6 4. Bd3 Bb7 5. O-O d6 6. b3 {A47: 1 d4 Nf6 2 Nf3 b6: Torre, London and Colle Systems} Be7 (6... Nbd7 7. Bb2 g6 8. Nbd2 Bg7 9. a4 a5 10. Re1 O-O 11. Nf1 Ne4 12. Ng3 f5 13. Nd2 Qh4 {0-1 (60) El Gindy,E (2457)-Adly,A (2626) Dubai 2018}) 7. Bb2 c5 8. Nbd2 Nc6 9. a3 Qc7 10. c4 O-O 11. Rc1 Rad8 12. Qe2 Rfe8 13. Rfd1 Bf8 $146 (13... Rc8 $11) ({Predecessor:} 13... Qb8 14. Ne4 Nxe4 15. Bxe4 cxd4 16. exd4 d5 17. Bd3 dxc4 18. Bxc4 {1-0 (44) Vignesh,N (2399)-Swati,G (2279) Pune 2015}) 14. d5 $16 Ne5 15. Nxe5 dxe5 {[#]} 16. e4 $1 Nd7 17. Nf1 g6 18. Ne3 Bg7 19. dxe6 fxe6 20. Bc2 (20. b4 $1 $14) 20... Nb8 $11 21. Rxd8 Rxd8 22. Rd1 Nc6 23. Rxd8+ Qxd8 24. Qd1 Nd4 25. Nf1 Bh6 26. Ng3 Qg5 27. Ne2 a6 28. Ng3 Qh4 29. Bd3 Qf4 30. b4 Qd2 (30... Qf8 {with more complications.} 31. Bc3 Qf4 32. b5 a5 33. a4 Kg7) 31. Qxd2 Bxd2 32. bxc5 bxc5 33. Kf1 Kf7 34. Ne2 Ke7 35. Nxd4 (35. Bc3 $11 Bh6 36. Ke1) 35... exd4 {[%mdl 4096] Endgame KBB-KBB} 36. Ke2 Ba5 (36... Bg5 {seems wilder.} 37. Bb1 e5 38. Bc2 Kd6 39. Kd3 Bc8) 37. f4 Bc7 38. Bc1 Bc6 39. g3 Bd7 40. e5 Bc6 41. Bd2 Kf7 {Accuracy: White = 52%, Black = 27%.} 1/2-1/2

[Event "Sarajevo-ch 2019"]
[Site "Sarajevo"]
[Date "2019.03.18"]
[Round "7.3"]
[White "Burovic, Rijad"]
[Black "Mrndjic, Muamer"]
[Result "1-0"]
[WhiteElo "2340"]
[BlackElo "2246"]
[Annotator "TA"]
[PlyCount "91"]
[EventDate "2019.03.12"]
[EventType "tourn"]
[EventCountry "BIH"]
[SourceTitle "playchess.com"]
[Source "ChessBase"]
[SourceQuality "1"]

{[%evp 12,91,0,-14,-7,-4,0,0,0,0,0,0,0,0,0,-226,-191,-247,-148,-255,-268,-254,-177,-156,-96,-188,-139,-184,-29,-33,0,-146,-133,-140,51,45,22,-29,22,28,41,17,16,22,343,183,213,213,213,218,218,212,209,232,254,259,251,252,256,241,322,313,318,277,308,247,930,893,815,858,819,753,600,548,468,572,501,440,2487,2466,1485,1467]} 1. e4 e5 2. f4 exf4 3. Nf3 d5 4. exd5 Nf6 5. Bc4 Nxd5 6. O-O Be7 7. d4 g5 {C36: King's Gambit Accepted: 3 Nf3 d5} (7... Be6 8. Bb3 O-O 9. c4 Nb6 10. Qd3 N8d7 11. Bxf4 Nc5 12. Qe3 Ncd7 13. Nbd2 Re8 14. Rae1 Bb4 15. a3 {1-0 (37) Robson,R (2560)-Bacrot,E (2710) Khanty-Mansiysk 2011}) 8. Re1 {And now Nxg5 would win.} Be6 $146 ({Predecessor:} 8... Bg4 9. Rxe7+ Nxe7 10. Bxf7+ Kxf7 11. Nxg5+ Kg6 12. Qxg4 Qxd4+ 13. Kh1 h5 14. Qe6+ Qf6 15. Qe4+ {0-1 (29) Liodakis,K (2182)-Pruijssers,R (2501) Porto Carras 2018}) 9. Bxd5 Qxd5 {The position is equal.} 10. Nc3 Qd8 11. d5 Bg4 $1 12. d6 cxd6 13. Rxe7+ $2 (13. Nd5 $11 Be6 14. g3) 13... Kxe7 $19 ({Stronger than} 13... Qxe7 14. Qd4 $11) 14. Nd5+ (14. b3 $142) 14... Kd7 ({Better is} 14... Kf8 $19 15. Qd4 Rg8) 15. Ne5+ (15. b4 $17 {might work better.} Re8 16. Qd3) 15... dxe5 16. Qxg4+ Kc6 17. c4 b6 (17... Re8 $142 18. Qf5 b5) 18. b4 (18. Qf3 $17 Kb7 19. Ne7+ e4 20. Qxe4+ Ka6 21. Nd5) 18... Kb7 {Threatens to win with ...Qd7.} 19. Qf3 e4 $2 (19... Qe8 $19 {aiming for ...e4.} 20. Bb2 e4) 20. Qxe4 $11 Re8 21. Qf3 (21. Ne7+ $1 $11 Kc7 22. Qe5+ Kb7 23. Qe4+ Kc7 24. Qe5+ Kb7 25. Qe4+) 21... Nc6 22. Bb2 Kb8 $2 (22... Qd6 $17 23. Rd1 Re6) 23. Rd1 $1 $14 {b5 is the strong threat.} Ne5 $1 {[%cal Re5f3]} 24. Qb3 (24. Bxe5+ $142 Rxe5 25. Nf6 $1 {[%mdl 512]} Qxf6 26. Rd7 Re1+ 27. Kf2 Qb2+ {[%mdl 64] Double Attack} 28. Kxe1 Qxb4+ 29. Kf2 Qb2+ 30. Kg1 Qc1+ 31. Kf2 Qc2+ 32. Kg1 Qc1+ 33. Kf2 Qb2+ {[%mdl 64] Double Attack} 34. Kg1 Qc1+) 24... Qc8 (24... Qd6 $142 $1) 25. Nf6 $1 $11 Ng4 $1 {White must now prevent ...Re3.} (25... Nxc4 26. Nxe8 b5 27. Bf6 $18) 26. Nxe8 Qxe8 27. Bd4 Qe2 $2 {[%mdl 8192]} (27... Kc7 $11) 28. h3 $36 {[%mdl 2048] White is in control.} (28. c5 $142) 28... f3 29. Qxf3 Qxf3 30. gxf3 $18 {[%mdl 4096] Endgame KRB-KRN} Nh6 31. Bf6 (31. Bg7 $6 Nf5 $16) 31... Kc7 32. Kf2 Rg8 {[#]} 33. Rd5 $1 Rg6 34. Bxg5 Ng8 35. h4 Rc6 36. Rd8 h6 37. Rxg8 hxg5 38. hxg5 {Strongly threatening Rg7.} ({Don't take} 38. Rxg5 $6 Rxc4 39. Rg4 Rc2+ 40. Kg3 Kd7 $16) 38... Rxc4 $2 {KR-KR} (38... Kd6 39. g6 Ke7 40. gxf7 Kxf7) 39. Rf8 {White is clearly winning.} Kd6 40. Rxf7 Ke6 41. Rxa7 Kf5 42. a3 {[%cal Ba2a3,Ba3a4,Ba4a5][%mdl 32]} Rc3 43. Kg3 Kxg5 44. Ra6 Kf5 (44... b5 $142 45. Ra5 Kf6) 45. a4 Ra3 46. a5 {Accuracy: White = 65%, Black = 38%.} 1-0